|
|
|
|
| LEADER |
00000nab a2200000 ar4500 |
| 001 |
vtls009514796 |
| 003 |
SK-MaSNL |
| 005 |
20260303224104.0 |
| 008 |
090520c2009 xo er|p|||||||000 b|slo |
| 038 |
|
|
|a PPPK
|
| 040 |
|
|
|a PPPKCL
|b slo
|c PPPKCL
|e AACR2
|
| 041 |
0 |
|
|a slo
|
| 044 |
|
|
|a xo
|c SK
|
| 080 |
|
|
|a 908
|x (234.372.4)
|2 2001
|
| 080 |
|
|
|a 911.2
|x (23.046)
|2 2001
|
| 080 |
|
|
|a 551.435.4
|x (234.372.4)
|2 2001
|
| 080 |
|
|
|a 398.21
|2 2001
|
| 100 |
1 |
|
|a Grósz, Alfréd,
|d 1885-1973
|4 aut
|9 162559
|
| 245 |
1 |
0 |
|a Belianske Tatry očami prof. Alfréda Grosza
|n V.
|c spracoval M. Choma
|
| 300 |
|
|
|b Mapa
|
| 500 |
|
|
|a Z rukopisnej pozostalosti prof. Alfréda Grosza spracoval M. Choma
|
| 600 |
1 |
7 |
|a Grósz, Alfréd,
|d 1885-1973
|2 snkbucl
|9 162559
|
| 650 |
0 |
7 |
|a vrchy a štíty
|2 pppkcl
|9 165131
|
| 650 |
0 |
7 |
|a doliny
|2 pppkcl
|9 256361
|
| 650 |
0 |
7 |
|a skalné útvary
|2 pppkcl
|9 115197
|
| 650 |
0 |
7 |
|a povesti
|2 pppkcl
|9 30120
|
| 651 |
|
7 |
|a Bujačí vrch (Belianske Tatry, Slovensko : vrch)
|2 pppkcl
|9 56955
|
| 651 |
|
7 |
|a Babia dolina (Bujačí vrch, Slovensko)
|2 pppkcl
|9 1259439
|
| 651 |
|
7 |
|a Dolina Siedmych prameňov (Slovensko)
|2 pppkcl
|9 160730
|
| 651 |
|
7 |
|a Skalné vráta (Belianske Tatry, Slovensko : vrch)
|2 pppkcl
|9 121126
|
| 651 |
|
7 |
|a Belianske Tatry (Slovensko : pohorie)
|2 pppkcl
|9 177592
|
| 700 |
1 |
|
|a Choma, Milan,
|d 1948-2021
|4 aut
|9 239721
|
| 773 |
0 |
|
|t Kežmarok
|g Roč. XVII, č. 4 (2009), s. 15
|
| 852 |
|
|
|a PPPK
|b KIS3GCP
|
| 999 |
|
|
|c 2250621
|d 2252551
|